| 000 | 00387nam a2200121 4500 | ||
|---|---|---|---|
| 999 |
_c10218 _d10218 |
||
| 008 | 180807b ||||| |||| 00| 0 eng d | ||
| 100 |
_930163 _aEsteves, Patricia |
||
| 245 |
_aBaking school run by world's top pastry chefs opens in Manila/ _cPatricia Esteves |
||
| 260 |
_aPhilippines _bPhilippine Daily Inquirer _cc2016 |
||
| 300 | _apage B1. | ||
| 650 | 0 |
_930164 _aFood. |
|
| 942 |
_2ddc _cPER |
||